[Event "POL-chT Ekstraliga 2018"]
[Site "Wroclaw"]
[Date "2018.09.14"]
[Round "4"]
[White "Kulon, Klaudia"]
[Black "Socko, Monika"]
[Result "0-1"]
[WhiteElo "2356"]
[BlackElo "2458"]
[Annotator "TA"]
[PlyCount "102"]
[EventDate "2018.06.08"]
[EventType "team-tourn"]
[EventCountry "POL"]
[SourceTitle "playchess.com"]
[Source "ChessBase"]
[SourceQuality "1"]

{[%evp 16,102,-40,-58,-13,-37,-7,-44,-38,-40,-45,-132,-116,-105,-35,-37,-39,-53,0,6,38,14,26,14,19,14,53,61,55,50,100,26,54,42,36,40,35,0,39,0,0,-18,-14,-11,0,0,0,-38,-56,-73,-78,-100,-93,-128,-134,-138,-79,-231,-243,-263,-260,-239,-104,-231,-239,-164,-197,-197,-170,-189,-177,-185,-185,-169,-169,-245,-315,-349,-283,-283,-276,-29984,-29985,-29985,-29986,-29986,-29987,-29987,-29988]} 1. e4 c6 2. d4 d5 3. exd5 cxd5 4. c4 Nf6 5. Nf3 e6 6. Nc3 Be7 7. Bg5 O-O 8. c5 b6 9. b4 {LiveBook: 7 Games} Nc6 {B14: Caro-Kann: Panov-Botvinnik Attack with 5...e6 and 5...g6} 10. b5 Na5 11. c6 (11. Bxf6 $5 gxf6 12. c6 $11) 11... Ne4 {Black is slightly better.} 12. Bd2 a6 $146 ({Predecessor:} 12... Nxd2 13. Qxd2 a6 14. Rc1 Bb4 15. Qc2 axb5 16. Bxb5 Ba6 17. O-O Bxc3 18. Bxa6 Rxa6 19. Qxc3 {0-1 (64) Vallejo Pons,F (2450)-Van der Wiel,J (2520) Elgoibar 1998}) 13. Rb1 (13. Rc1 $1 $15) 13... axb5 $17 14. Bxb5 Nxd2 (14... Ba6 $17 15. Ne5 Bxb5 16. Nxb5 Nc4) 15. Qxd2 $15 Qc7 16. O-O Nxc6 ({Black should try} 16... Bd6 $1 $15) 17. Rfc1 $1 $11 {Ne2 is the strong threat.} Na5 {[#]} 18. Nxd5 $1 {[%mdl 512]} Qd8 (18... exd5 19. Rxc7) 19. Nxe7+ Qxe7 20. Bd3 Bb7 21. Rxb6 Bxf3 22. gxf3 {Strongly threatening Ba6.} Ra7 {[%cal Ba8a7,Ba7c7,Bc7c3][%mdl 32]} 23. Rcb1 ({Better is} 23. Ba6 $16 Nb7 24. Qf4) 23... Qc7 24. Qc1 (24. Qg5 {looks sharper.} Nc4 25. R6b3 Nd6 26. Qc5 g6 27. a4) 24... g6 25. Qxc7 Rxc7 26. a4 Rc3 27. Be2 Nc6 28. Rd1 Rd8 29. Kg2 Rd5 30. Rb5 Rxd4 31. Rxd4 (31. Rb8+ $5 Kg7 32. Rc8 Rxd1 33. Bxd1 $11) 31... Nxd4 {[%mdl 4096] Endgame KRB-KRN} 32. Rb8+ Kg7 33. Bb5 Ra3 34. Be8 Nxf3 35. Rb7 {[#]} Kf8 (35... Nh4+ $142 $1 36. Kf1 Ra1+ 37. Ke2 Kf8) 36. Bd7 $2 (36. Rxf7+ $17 Kxe8 37. Rxf3 Rxa4 38. Rb3) 36... g5 $19 {[%cal Bg6g5,Bg5g4,Bg4f3,Bf3f2][%mdl 32]} 37. Ra7 Ne5 38. Bb5 Ng6 (38... g4 $19 39. Rb7 h5 40. Rb8+ Ke7) 39. a5 (39. Kf1 $17 {was the only chance.}) 39... Nf4+ 40. Kg1 Ra1+ 41. Bf1 g4 42. a6 h5 43. f3 Nh3+ ({Don't take} 43... gxf3 44. Kf2 $17) 44. Kg2 gxf3+ 45. Kxh3 (45. Kxf3 {was forced.} Rxf1+ 46. Kg2) 45... Rxf1 {KR-KR} 46. Kg3 Kg7 47. Ra8 {[#]} h4+ $1 48. Kxh4 $2 {[#]} (48. Kf4 $19) 48... Rg1 $1 {Black mates.} 49. a7 f2 50. Rg8+ Kxg8 51. a8=Q+ Kg7 {Precision: White = 32%, Black = 58%.} 0-1

[Event "POL-chT Ekstraliga 2018"]
[Site "Wroclaw"]
[Date "2018.09.14"]
[Round "4"]
[White "Plichta, Kamil"]
[Black "Mastrovasilis, Dimitrios"]
[Result "1-0"]
[WhiteElo "2341"]
[BlackElo "2594"]
[Annotator "TA"]
[PlyCount "105"]
[EventDate "2018.06.08"]
[EventType "team-tourn"]
[EventCountry "POL"]
[SourceTitle "playchess.com"]
[Source "ChessBase"]
[SourceQuality "1"]

{[%evp 34,105,31,25,33,26,42,0,36,16,62,68,79,24,45,52,65,27,21,0,19,20,31,16,106,93,98,99,85,93,68,77,142,150,158,154,154,155,173,153,245,245,245,245,241,233,233,233,143,150,147,131,152,144,150,150,146,154,146,150,125,76,29943,29943,29943,29944,29944,29945,29943,29948,29948,29938,29964,29962]} 1. c4 c6 2. e4 d5 3. exd5 Nf6 4. d4 cxd5 5. Nc3 Nc6 6. Nf3 Bg4 7. cxd5 Nxd5 8. Qb3 Bxf3 9. gxf3 e6 10. Qxb7 Nxd4 11. Bb5+ Nxb5 12. Qc6+ Ke7 13. Qc5+ Ke8 14. Qc6+ Ke7 15. Qc5+ Ke8 16. Qxb5+ Qd7 17. Nxd5 {B13: Caro-Kann: Exchange Variation and Panov-Botvinnik Attack} exd5 18. Qd3 {LiveBook: 3 Games} Bb4+ 19. Kf1 {[#] White is slightly better.} Kf8 $146 ({Predecessor:} 19... f6 20. Kg2 Kf7 21. Bf4 Ba5 22. Rhd1 Rad8 23. Rac1 Bb6 24. Rc2 d4 {1-0 (39) Grischuk,A (2737)-Vidit,S (2689) Doha 2016}) 20. Be3 h5 21. Rd1 Rd8 22. Rg1 $1 f6 23. Qa6 ({Better is} 23. Rg2 $16) 23... Kf7 24. a3 Be7 25. Qxa7 Qh3+ 26. Ke2 {Rxg7+! is the strong threat.} Qxh2 27. f4 Rhe8 28. Qd4 Bf8 {[#]} (28... Qh3 $11 {remains equal.}) 29. Rh1 $1 $36 {[%cal Rh1h2][%mdl 2048] White has strong initiative.} Qg2 30. Rdg1 Qe4 31. Qxe4 Rxe4 32. Rxh5 Rb8 {[#]} ({Black should try} 32... Bc5) 33. b4 $1 {[%cal Bb2b4,Bb4b5,Bb5b6][%mdl 32]} ({Don't play} 33. Rxd5 $6 Rxb2+ 34. Kf3 Ra4 $11) 33... Ra8 34. Rxd5 Rxa3 35. b5 Rb3 36. f5 Re5 (36... Be7 $16 {might work better.}) 37. Rxe5 $18 fxe5 {[%mdl 4096] Endgame KRB-KRB} 38. b6 Kf6 39. Rg3 Rb4 40. Kd2 e4 41. Rg4 {Strongly threatening Kc3.} Ke5 42. Kc2 Rc4+ 43. Kb3 Rb4+ 44. Kc3 {Hoping for Rxg7!} Kd5 45. Rg5 {Black must now prevent f6+.} Rc4+ 46. Kd2 Ke5 47. Kd1 Kf6 $2 {[%mdl 8192]} (47... Rb4 $16 48. Kc2 Rc4+ 49. Kd2 Rb4) 48. b7 {White mates.} Rb4 49. Rg6+ Kxf5 50. Rb6 Rxb6 51. Bxb6 Bd6 52. Ba7 Kg4 53. Ke2 {Precision: White = 72%, Black = 42%.} 1-0

[Event "POL-chT Ekstraliga 2018"]
[Site "Wroclaw"]
[Date "2018.09.14"]
[Round "4"]
[White "Paszewski, Mateusz"]
[Black "Warakomski, Tomasz"]
[Result "0-1"]
[WhiteElo "2322"]
[BlackElo "2505"]
[Annotator "TA"]
[PlyCount "82"]
[EventDate "2018.06.08"]
[EventType "team-tourn"]
[EventCountry "POL"]
[SourceTitle "playchess.com"]
[Source "ChessBase"]
[SourceQuality "1"]

{[%evp 19,82,42,20,28,38,33,62,47,47,45,41,56,60,52,42,41,53,41,27,0,42,40,44,47,32,40,47,57,59,0,0,23,111,0,2,3,6,0,0,0,0,0,0,0,0,-93,-81,-215,-212,-202,-200,-475,-450,-29981,-29982,-29982,-29983,-29983,-29984,-29984,-29985,-29985,-29982,-29986,-29987]} 1. e4 {Mekhitarian,K} c5 2. Nf3 d6 3. d4 cxd4 4. Qxd4 a6 5. Be2 Nc6 6. Qe3 {B53: Sicilian: 2...d6: Lines with Qxd4} Nf6 {[%cal Bg8f6,Bf6d7,Bd7c5,Bc5e4][%mdl 32]} 7. O-O g6 8. h3 Bg7 9. c4 O-O 10. Nc3 Nd7 {LiveBook: 88 Games} 11. Rb1 a5 12. b3 Nc5 13. Bb2 $146 f5 14. exf5 Bxf5 15. Rbd1 a4 16. Ba3 Bxc3 17. Qxc3 Ne4 18. Qb2 {Threatens to win with c5!} axb3 19. axb3 (19. Qxb3 $5 {[%cal Rc4c5]} Qa5 20. c5+ d5 21. Bb2 $11 (21. Qxb7 Qxa3 22. Qxc6 Nc3 $17)) 19... Rxa3 20. Qxa3 {aiming for b4.} Nc3 21. Qb2 Nxd1 22. Rxd1 {And now c5! would win.} Qb6 23. Ng5 {[#] Strongly threatening c5!} Nb4 24. Bg4 Bxg4 25. hxg4 {Hoping for Ne6.} Qa5 (25... Nc6 $11) 26. Qd2 (26. c5 $16) 26... Nc6 $11 27. Qe3 Qe5 28. Qd2 h6 29. Nf3 Qf4 30. Qd5+ Kg7 31. Qe6 Rf7 32. Ra1 (32. Kh1 $11 {keeps the balance.}) 32... Nd4 $36 {[%mdl 2048] White is under strong pressure.} 33. Qd5 (33. Nxd4 $17 Qxf2+ 34. Kh2) 33... Nxf3+ $19 34. gxf3 Qxf3 {[%mdl 4096] Endgame KQR-KQR} 35. Qd4+ $2 (35. Qxf3 Rxf3 36. Ra3) 35... e5 36. Qxd6 {[#]} (36. Qb6 $19) 36... Qxf2+ {Black mates.} 37. Kh1 Qh4+ 38. Kg1 Qxg4+ 39. Kh1 Qh3+ 40. Kg1 Qg3+ 41. Kh1 h5 {Precision: White = 45%, Black = 77%.} 0-1

[Event "POL-chT Ekstraliga 2018"]
[Site "Wroclaw"]
[Date "2018.09.14"]
[Round "4"]
[White "Bartel, Marta"]
[Black "Zawadzka, Jolanta"]
[Result "0-1"]
[WhiteElo "2247"]
[BlackElo "2434"]
[Annotator "TA"]
[PlyCount "100"]
[EventDate "2018.06.08"]
[EventType "team-tourn"]
[EventCountry "POL"]
[SourceTitle "playchess.com"]
[Source "ChessBase"]
[SourceQuality "1"]

{[%evp 10,100,-1,-37,40,33,33,39,46,35,37,38,43,35,49,29,60,62,59,10,14,11,18,3,5,4,22,0,20,3,11,0,13,0,0,-9,6,0,0,0,0,0,0,0,0,0,0,-71,-72,-69,-71,-85,-72,-73,-32,-46,0,0,0,-34,-39,-77,-40,-34,-28,-170,-146,-222,-222,-354,-139,-399,-370,-581,-571,-755,-707,-774,-754,-593,-711,-765,-774,-774,-774,-584,-374,-774,-774,-711,-669,-554,-554]} 1. b3 e5 2. Bb2 Nc6 3. e3 Nf6 4. Bb5 Bd6 5. Na3 e4 6. f4 {LiveBook: 5 Games. A01: Nimzowitsch-Larsen Opening} (6. Nc4 Be7 7. Bxc6 bxc6 8. Ne2 a5 9. O-O a4 10. d3 exd3 11. cxd3 axb3 12. axb3 Rxa1 13. Qxa1 {1-0 (27) Karjakin,S (2782)-Giri,A (2782) Leuven 2018}) 6... exf3 $146 (6... O-O $15) ({Predecessor:} 6... a6 7. Bxc6 dxc6 8. Nc4 O-O 9. Ne2 a5 10. a4 Bb4 11. h3 Nd7 12. Nd4 Nb6 13. Nxb6 cxb6 {1-0 (65) Petrosian,T (2643)-Kravtsiv,M (2588) Dubai 2012}) 7. Nxf3 $14 a6 {[#] Hoping for ...Bxa3.} 8. Bxc6 {White is slightly better.} dxc6 9. Nc4 Bg4 10. O-O O-O 11. Qe1 Bxf3 12. Rxf3 {[#] aiming for Bxf6.} Ng4 13. Nxd6 cxd6 14. Qg3 (14. Bxg7 $5 Kxg7 15. Qg3 $14) 14... Ne5 $1 {[%cal Re5f3]} 15. Rf2 Qe7 16. Raf1 Rad8 17. e4 f6 18. d3 b5 19. h3 Kh8 20. Qe3 c5 21. Rd2 Nc6 22. Qf2 a5 23. Qf5 Rde8 24. a3 Qc7 25. Rdf2 Ne5 26. Qh5 a4 27. bxa4 bxa4 28. Bxe5 (28. Bc3 $11) 28... dxe5 $17 29. Qe2 Rb8 30. g4 Qd6 31. Qe3 h6 32. h4 Kh7 33. g5 fxg5 {Threatens to win with ...Rxf2.} 34. hxg5 (34. Rxf8 {with more complications.} Rxf8 35. Rxf8 Qxf8 36. hxg5 Qf4 37. Qxf4 exf4 38. gxh6 gxh6 39. Kg2) 34... Rxf2 35. Qxf2 Qd4 36. gxh6 Kxh6 {White must now prevent ...Rf8.} 37. Qxd4 (37. Kg2 $11 Qxf2+ 38. Rxf2) 37... cxd4 $15 {[%mdl 4096] Endgame KR-KR} 38. Rf5 (38. Rc1 $17 {was worth a try.}) 38... Rb5 $19 39. Kf2 (39. Kf1 {might work better.} Rc5 40. Ke1) 39... Rc5 $2 (39... g6 $19 40. Rf6 Rc5) 40. Kf3 $2 {[%mdl 8192]} (40. Ke1 $17) 40... g6 41. Rf7 (41. Rf8 {was the only defense.} Rxc2 42. Kg4) 41... Rxc2 42. Re7 Rd2 43. Rxe5 Rxd3+ 44. Kf4 Rxa3 45. Rd5 Rd3 46. e5 a3 47. Ra5 Rb3 48. e6 $2 (48. Ke4 d3 49. Ke3) 48... Re3 {Black is clearly winning.} 49. Ra6 a2 50. Rxa2 Rxe6 {Precision: White = 35%, Black = 54%.} 0-1

[Event "POL-chT Ekstraliga 2018"]
[Site "Wroclaw"]
[Date "2018.09.14"]
[Round "4"]
[White "Pacak, Patrycja"]
[Black "Warakomska, Anna"]
[Result "0-1"]
[WhiteElo "1754"]
[BlackElo "2349"]
[Annotator "NA"]
[PlyCount "62"]
[EventDate "2018.06.08"]
[EventType "team-tourn"]
[EventCountry "POL"]
[SourceTitle "playchess.com"]
[Source "ChessBase"]
[SourceQuality "1"]
[TimeControl "40/5400+30:1800+30"]

1. f4 {[%emt 0:00:00]} d5 {[%emt 0:00:00]} 2. Nf3 {[%emt 0:00:00]} g6 {[%emt 0:01:38]} 3. g3 {[%emt 0:00:10]} Bg7 {[%emt 0:00:14]} 4. Bg2 {[%emt 0:00:07]} Nh6 {[%emt 0:03:24]} 5. d3 {[%emt 0:04:25]} Nc6 {[%emt 0:02:15]} 6. Nc3 {[%emt 0:03:32]} d4 {[%emt 0:13:22]} 7. Ne4 $11 {[%emt 0:05:10]} Nf5 {[%emt 0:01:05]} 8. c3 {[%emt 0:15:47]} h5 {[%emt 0:09:40]} 9. Qa4 {[%emt 0:25:53]} O-O {[%emt 0:08:43]} 10. O-O {[%emt 0:01:04]} Qe8 {[%emt 0:10:44]} 11. Nfg5 {[%emt 0:08:40]} e5 {[%emt 0:08:20]} 12. c4 {[%emt 0:12:52]} Ne3 {[%emt 0:04:50]} 13. Bxe3 {[%emt 0:03:08]} dxe3 {[%emt 0:00:04]} 14. fxe5 {[%emt 0:01:51]} Qxe5 {[%emt 0:00:44]} 15. b4 {[%emt 0:06:18]} Qe7 {[%emt 0:03:56]} 16. Rab1 {[%emt 0:03:07]} Nd4 {[%emt 0:02:46]} 17. h4 {[%emt 0:03:47]} Nxe2+ {[%emt 0:00:57]} 18. Kh2 {[%emt 0:00:04]} f6 {[%emt 0:03:38]} 19. Qd1 {[%emt 0:01:48]} Nd4 {[%emt 0:01:26]} 20. Re1 {[%emt 0:01:40]} e2 {[%emt 0:03:15]} 21. Qc1 {[%emt 0:00:04]} fxg5 {[%emt 0:00:23]} 22. Nxg5 {[%emt 0:00:58]} c6 {[%emt 0:01:34]} 23. b5 {[%emt 0:00:32]} Bg4 {[%emt 0:00:22]} 24. bxc6 {[%emt 0:00:17]} bxc6 {[%emt 0:00:06]} 25. c5 {[%emt 0:00:44]} Rf2 {[%emt 0:02:06]} 26. Ne4 {[%emt 0:00:30]} Rxg2+ {[%emt 0:03:24]} 27. Kxg2 {[%emt 0:00:07]} Bf3+ {[%emt 0:00:03]} 28. Kh2 {[%emt 0:00:27]} Bxe4 {[%emt 0:00:13]} 29. dxe4 {[%emt 0:00:51]} Nf3+ {[%emt 0:00:05]} 30. Kh1 {[%emt 0:00:13]} Qxe4 {[%emt 0:00:32]} 31. Qf4 {[%emt 0:00:43]} Qxf4 {[%emt 0:00:11]} 0-1